Demence

Bibliographic Details
Main Author: Jirák, Roman, 1943- (Author)
Format: Book
Language:Undetermined
PhysicalDescription:226 s.
Published: Praha Maxdorf 1999
ISBN:8085800446

MARC

LEADER 00000nam a2200000 a 4500
001 vtls001380081
003 SK-MaSNL
005 20260301161349.0
008 240313s1999 xx 0 und
020 |a 8085800446 
035 |a SNK000334064 
040 |a SNK  |b slo  |c SNK  |e AACR2 
100 1 |a Jirák, Roman,  |d 1943-  |4 aut  |9 219924 
245 1 |a Demence 
260 |a Praha  |b Maxdorf  |c 1999 
300 |a 226 s. 
919 |a 80-85800-44-6 
999 |c 809135  |d 811065 
952 |t snkJIR 616.89  |a SNKUST  |b SNKUST  |y PREZ  |7 0  |p 17A0201195  |o snkOKIS 119/99  |0 0  |1 0  |4 0  |d 2000-01-05  |l 0  |r 2025-04-29 00:00:00  |w 2026-02-24